000 00305nam a2200121Ia 4500
008 241028s9999 xx 000 0 und d
041 _aeng
082 _a382 DAW
100 _aCameron Dawson
245 _aInternational Trade
260 _bLarsen And Keller Education
_aUSA
_c2019
300 _a253;. P. 27 cm
999 _c42787
_d42787